|
|
|
|
| LEADER |
00000nab a2200000 a 4500 |
| 001 |
vtls000553894 |
| 003 |
SK-MaSNL |
| 005 |
20260304094851.0 |
| 008 |
250425c1995 xo 0 slo |
| 015 |
|
|
|a SNBRB19rr/mm-uuuuu
|
| 035 |
|
|
|a CL0554032
|
| 035 |
|
|
|a urn:nbn:sk:snk-ab22ht
|
| 035 |
|
|
|a (urnnbn)urn:nbn:sk:snk:ar-a01g8p
|
| 035 |
|
|
|a (uuid)b3afb8d3-f435-417c-bbf0-af60890da2f8
|
| 040 |
|
|
|a SNKBUCL
|b slo
|c SNKBUCL
|e AACR2
|
| 041 |
0 |
|
|a slo
|
| 044 |
|
|
|a xo
|c SK
|
| 080 |
|
|
|a 78.071.20:785.11
|2 1981
|
| 080 |
|
|
|a 785.11
|2 1981
|
| 245 |
0 |
0 |
|a Kauza Českej filharmónie pokračuje
|
| 610 |
2 |
7 |
|a Česká filharmonie
|2 snkbucl
|9 145789
|
| 655 |
|
7 |
|a články z novín a časopisov
|2 snkbucl
|9 267496
|
| 700 |
1 |
|
|a Albrecht, Gerd,
|d 1935-2014
|4 aut
|9 222534
|
| 700 |
1 |
|
|a Kantor, Ladislav,
|d 1945-2015
|4 aut
|9 225217
|
| 773 |
0 |
|
|t Hudobný život '95
|g Roč. 27, č. 14-15 (1995), s. 11
|
| 850 |
|
|
|a Slovenská národná knižnica
|
| 852 |
|
|
|a Slovenská národná knižnica
|
| 954 |
|
|
|a odborná, vedecká literatúra pôvodná (slovenská)
|2 lita
|
| 958 |
|
|
|a article27
|
| 958 |
|
|
|a OND
|
| 958 |
|
|
|a RK
|
| 958 |
|
|
|a CZ
|
| 958 |
|
|
|a NX
|
| 958 |
|
|
|a EUIPO
|
| 992 |
|
|
|a RBX
|
| 999 |
|
|
|c 2829361
|d 2831291
|